000 00603aas a2200169 4500
999 _c50425
_d50425
001 768714001
003 CO-MdFUSB
005 20170923090857.0
008 170904s1991 cr ||||| |||| 00| 0 spa d
040 _aCO-MdFUSB
_bspa
_cCO-MdFUSB
_dCO-MdFUSB
041 _aspa
100 1 _aSimpson, Charles
_eautor
245 1 0 _aCristo, Señor de la revelación :
_bcómo se llega a comprender la visión
_c/ Simpson, Charles
300 _aVolumen 2. Número 4 (1991), páginas 50-51
_c: 28 cm.
773 0 _tConquista Cristiana
_049446
_960335
_gVolumen 2. Número 4 (1991), páginas 50-51
_qPágina 50
942 _cANA